Laboratory Manual of Electrical Machines (Record no. 5733)

MARC details
000 -LEADER
fixed length control field 00413nam a22001577a 4500
005 - DATE AND TIME OF LATEST TRANSACTION
control field 20180911162736.0
008 - FIXED-LENGTH DATA ELEMENTS--GENERAL INFORMATION
fixed length control field 180911b xxu||||| |||| 00| 0 eng d
020 ## - INTERNATIONAL STANDARD BOOK NUMBER
ISBN 9789385909757
041 ## - LANGUAGE CODE
Language code of text/sound track or separate title eng
100 ## - MAIN ENTRY--AUTHOR NAME
Personal name Kothari,D P,Umre B S
245 ## - TITLE STATEMENT
Title Laboratory Manual of Electrical Machines
250 ## - EDITION STATEMENT
Edition statement 2nd
260 ## - PUBLICATION, DISTRIBUTION, ETC. (IMPRINT)
Place of publication Delhi
Name of publisher I K International Publishing House Pvt.Ltd
300 ## - PHYSICAL DESCRIPTION
Number of Pages 255
942 ## - ADDED ENTRY ELEMENTS (KOHA)
Koha item type Books
Holdings
Lost status Damaged status Collection code Home library Current library Shelving location Date acquired Source of acquisition Cost, normal purchase price Accession Number Koha item type
    Reference JRU Library   SHELF -72- F 11/09/2018 Purchase 337.00 22403 Books